| 000 | 00525nam a22002057a 4500 | ||
|---|---|---|---|
| 003 | OSt | ||
| 005 | 20160610135731.0 | ||
| 008 | 160610b xxu||||| |||| 00| 0 eng d | ||
| 020 | _a0443101604 | ||
| 040 | _cDLMN. | ||
| 082 | _aQV704K18h 2006. | ||
| 100 |
_aKayne,B.Steven; _99321 |
||
| 245 | _aHomeopathic Pharmacy. | ||
| 250 | _a2nd ed. | ||
| 260 |
_aLondon. _bElsevier Churchill Livingstone. _c2006. |
||
| 300 |
_axv,386p; _bill; _c25cm. |
||
| 504 | _aincludes index. | ||
| 650 |
_aPharmacy. _99322 |
||
| 942 |
_2z _cO_SHELF |
||
| 999 |
_c4320 _d4320 |
||